000 00470nam a2200181Ia 4500
003 GCL
008 140319s9999 xx 000 0 eng d
040 _aGCL /
_cGCL
082 0 4 _aCH
_b591
_bT F
100 1 _aTUXNORTH, NICOLA
245 1 0 _aFARM ANIMALS: A VERY FIRST PICTURE BOOK /
_cTUXNORTH, NICOLA
260 _a[S.N] :
_bLORENZ BOOKS ،
_c1996
650 0 4 _aFARMS
650 0 4 _aCHILDREN
650 0 4 _aANIMALS
650 0 4 _aCHILDREN - FICTION
942 _2ddc
_cBK
999 _c14677
_d14677